00634nam a2200205 a 450000500170000000800410001701000130005802000250007103500130009603700150010904000180012408200060014210000180014824500970016626000280026327000720029130000320036365000150039570000180041020090907115543.0060731s1999 nyua b 000 0 eng d aB-357082 c60.00a9788126417841 aB-357082 bDBAD / PUB adplbEnglish  aS aTanya Munshi  aFolktales two bachelors and a python /cretold by Tanya Munshi; illustrated by Sreelal A.G.  aKeralabDC Books c2008 aDC Kizhakemuri Edam, Good Shepherd Street, KottayambKeralae686001 a29p.:c22cm(pbk) bcol. ill 2Folktales  aSreelal A.G.